000 00377nam a2200157Ia 4500
100 _aBurt/D.N/ Dobler/D.W/
250 _a7
942 _cBK
366 _f15
654 _asupply management
245 _aWorld class supply management:The key to supply chain management
260 _bTata Mc Graw hill
_c2003
082 _a658.7
_bBUR
300 _a689
546 _aENGLISH
999 _c31469
_d31469